| 000 | 00759cam a2200277 4500 | ||
|---|---|---|---|
| 008 | 090401t1997 xxu||||| |||| 00| 0 eng d | ||
| 020 | _a1860811698 | ||
| 035 | _a(Sirsi) u82809 | ||
| 041 | _aeng | ||
| 050 | _a729.28 | ||
| 100 | _aWebber, G.M.B. | ||
| 245 | _aEmergency lighting and wayfinding systems for visually impaired people. | ||
| 260 |
_aLondon _bCRC Ltd. _c1997 |
||
| 300 | _a6p. : ill. ; 30cm. | ||
| 350 | _a0 | ||
| 490 |
_aBRE Information Paper _v9/97 |
||
| 650 | _aEMERGENCY LIGHTING | ||
| 650 | _aVISUALLY IMPAIRED PEOPLE | ||
| 650 | _aWAYFINDING SYSTEMS | ||
| 690 | _aBUILT ENVIRONMENT | ||
| 700 | _aWright, M.S. | ||
| 700 | _aCook, G. K. | ||
| 710 | _aBuilding Research Establishment | ||
| 942 | _n0 | ||
| 948 | _c19/12/1997 | ||
| 999 |
_c96836 _d96836 |
||